000 00298nam a2200133Ia 4500
008 150301s2015 xx 000 0 und d
082 _a615.4
_bP14A
100 _aAGARWAL , S.P
245 _aPHYSICAL PHARMACY
260 _bCBS- DELHI
300 _a330
650 _aPHARMACY
942 _2ddc
_cBK
_018
999 _c7111
_d7111